| 000 | 00752nam a2200217 a 4500 | ||
|---|---|---|---|
| 001 | 000034171 | ||
| 005 | 20200930070833.0 | ||
| 008 | 110926s1995 es 000 0 spa d | ||
| 020 | _a8449305888 | ||
| 040 |
_aDO-SdBNP _bspa _cBNPHU |
||
| 100 | 1 |
_aGardner, Howard _959593 |
|
| 240 | 1 | 0 |
_aTítulo original: _kMultiple intelligences. The theory in practice. |
| 245 | 1 | 0 |
_aInteligencias múltiples : _bla teoría en la práctica / _cHoward Gardner ; traduccíon de Ma. Teresa Malero. |
| 260 |
_aBarcelona : _bEdiciones Paidós, _c1995. |
||
| 300 |
_a313 p. ; _c24 cm. |
||
| 490 | 1 |
_aPaidós transiciones _v12 |
|
| 500 | _aIncluye índice. | ||
| 700 | 1 |
_aMalero, María Teresa, _etr. _959594 |
|
| 830 | 0 |
_aPaidós transiciones _v12 _959595 |
|
| 049 | _aBNPD | ||
| 999 |
_c33662 _d33662 |
||